| 000 | 00325nam a22001217a 4500 | ||
|---|---|---|---|
| 040 | _cHS | ||
| 082 | _a333 | ||
| 100 | _aHUSSEIN ABAZA | ||
| 245 | _aEnvironmental impact assessement and strategic environmental assessement towards an integrated appraoch | ||
| 260 |
_aUNEP _bHUSSEIN ABAZA _c2004 |
||
| 300 | _a147p; | ||
| 942 | _cEK | ||
| 999 |
_c9490 _d9490 |
||